000 00900cam a2200205 4500
001 WB3723-36
008 000000n2001 000 0 eng u
035 _a(Sirsi) u113099
245 _aNational survey on waste
260 _c2001
490 _aConstruction News
_v(6720) 14 June 2001, 16(1)
520 _aCiria, the construction research body is to carry out the first national survey on construction waste. The year long survey is part of a wider research programme, "Mass Balance UK, which has 25 ongoing studies into raw material usage and waste in various industries such as steel and timber. The results will be used to improve efficiency and increase the potential for recycling.
590 _aWB
650 _aSURVEYS
650 _aCONSTRUCTION WASTE
650 _aRECYCLING
650 _aEFFICIENCY
690 _aENVIRONMENTAL AND LAND CONSULTANCY-WASTE MANAGEMENT
942 _n0
999 _c67329
_d67329